Crushing and grinding process handbook
Guardado en:
| Autor principal: | |
|---|---|
| Formato: | Libro |
| Lenguaje: | inglés |
| Publicado: |
Chichester
John Wiley
1987
|
| Materias: | |
| Etiquetas: |
Agregar Etiqueta
Sin Etiquetas, Sea el primero en etiquetar este registro!
|
MARC
| LEADER | 00000nam a2200000 a 4500 | ||
|---|---|---|---|
| 001 | UCU7604 | ||
| 003 | CL-VaPUC | ||
| 008 | 960705e19870000UK |||||||||||||||||eng|d | ||
| 082 | 0 | 4 | |a 660.284 |b PRA |2 21 |
| 100 | 0 | |a Prasher, C. L |e author |9 366519 | |
| 245 | 1 | 0 | |a Crushing and grinding process handbook |
| 300 | |a 474 p | ||
| 942 | |c BK | ||
| 945 | |d 19960705 00:00:00 |a lriquelm | ||
| 260 | |a Chichester |b John Wiley |c 1987 | ||
| 650 | 0 | |a Tecnología química |9 263002 | |
| 650 | 0 | |a Procesos industriales |9 334036 | |
| 650 | 7 | |a MEZCLA |2 CL-VaPUC |9 334037 | |
| 650 | 7 | |a COMBINACION QUIMICA |2 CL-VaPUC |9 366520 | |
| 583 | |a last modification |c 19960705 00:00:00 |k Rodrigo Vera | ||
| 999 | |c 250199 |d 250197 | ||
| 952 | |0 0 |1 0 |4 0 |6 660_284000000000000_PRA_1987 |7 0 |8 A |9 268064 |a BIBING |b BIBING |d 2019-11-19 |i 1698508 |o 660.284 PRA 1987 |p 1698508 |r 2025-01-20 |w 2019-11-19 |y BK |k EIQ | ||